000 01035nam a2200265Ia 4500
003 OSt
005 20220923211118.0
006 a|||||r|||| 00| 0
007 ta
008 220922b |||||||| |||| 00| 0 hin d
020 _a8181434889 (hbk)
_c200
024 _a241,628
037 _b481, 26/02/2010, Vani Prakashan
_cTextual
040 _aARTS
_cARTS
_bhin
041 _2hin
_ahin
082 _aO152,1:g, P6
100 _aशर्मा, राजमणि
_9156318
245 0 _aभारतीय प्राणधारा का स्वाभविक विकास
_b हिन्दी कविता
246 _aBhāratīya prāṇadhārā kā swābhavik vikāsa: hindī kavitā
260 _aनई दिल्ली
_b वाणी प्रकाशन
_c2006
300 _a179पृ.
_ccm.
650 _aहिन्दी साहित्य
_9156264
942 _hO152,1:g, P6
_cTEXL
_2CC
999 _c295429
_d295429